000 00841nam a2200253 i 4500
001 bg
100 1 _aKWAŚNIEWSKI, Aleksander
_d(1954- )
245 1 0 _aPrzemówienia, listy, wywiady :
_bstyczeń-czerwiec 2005 : wybór.
260 _aWarszawa :
_bKancelaria Prezydenta RP [Rzeczypospolitej Polskiej],
_c2005.
300 _a521 s. :
_bfot. kolor. ;
_c24 cm.
600 1 9 _aKwaśniewski, Aleksander (1954- )
650 9 _aListy polskie
_yod 2001 r.
650 9 _aMowy polskie
_yod 2001 r.
650 9 _aPublicystyka polska
_yod 2001 r.
651 9 _aPolska
_xpolityka
_yod 2001 r.
655 _aŹródła historyczne
700 1 _aĆWIK, Stanisław
700 1 _aDOMBSKA, Katarzyna
040 _cBPK
041 0 _apol
080 _a323+327](438)"2001/..."(042+044+047.53)
942 _cKS
008 s pl f |000 0 pol
999 _c46911
_d46911
856 _uhttp://koha.tu.koszalin.pl/cgi-bin/koha/opac-detail.pl?biblionumber=46911
_yKatalog online BPK